D.D. Josephi Vela de Oreña... Dissertationum juris controversi tam in Hispalensi quam Granatensi senatu super materias tam ecclesiasticas quam civiles tomus primus... (Record no. 167130)

MARC details
000 -LEADER
campo de control de longitud fija 01113nam a22002415i 4500
001 - NÚMERO DE CONTROL
campo de control 167130
003 - IDENTIFICADOR DE NÚMERO DE CONTROL
campo de control ES-MaACL
005 - FECHA Y HORA DE LA ÚLTIMA TRANSACCIÓN
campo de control 20230906213451.0
008 - DATOS DE LONGITUD FIJA--INFORMACIÓN GENERAL
campo de control de longitud fija 951117s1726 sz |||| | lat d
040 ## - FUENTE DE CATALOGACIÓN
Centro catalogador/agencia de origen AR
Lengua de catalogación spa
Centro/agencia transcriptor AR
100 1# - ENTRADA PRINCIPAL--NOMBRE DE PERSONA
Nombre de persona Vela de Oreña, José.
9 (RLIN) 133589
245 10 - MENCIÓN DEL TÍTULO
Título D.D. Josephi Vela de Oreña... Dissertationum juris controversi tam in Hispalensi quam Granatensi senatu super materias tam ecclesiasticas quam civiles tomus primus...
Resto del título : cum S.Rot.Romanae decisionibus recentissimis numquam antea lucem editis...
250 ## - MENCION DE EDICION
Mención de edición Editio novissima, mendis quae in priori irrepserant sedulo expurgata.
260 ## - PUBLICACIÓN, DISTRIBUCIÓN, ETC.
Lugar de publicación, distribución, etc. Coloniae Allobrogum :
Nombre del editor, distribuidor, etc. sumptibus Perachon & Cramer,
Fecha de publicación, distribución, etc. 1726.
300 ## - DESCRIPCIÓN FÍSICA
Extensión [12], 507, [96] p. [2] en bl. ;
Dimensiones Fol.
595 ## -
-- Datos de ed. preceden a la inf. complementaria.
596 ## - NOTA AL PIE DE IMPRENTA
NOTA AL PIE DE IMPRENTA Marca tip. xil en port.
597 ## - NOTA DE DESCRIPCIÓN FÍSICA
NOTA DE DESCRIPCIÓN FÍSICA Sign.: a6, A-Z6, 2A-2S6, 2T-V4, 3X-3Z6, 3A-3E6.
597 ## - NOTA DE DESCRIPCIÓN FÍSICA
NOTA DE DESCRIPCIÓN FÍSICA Port. a dos tintas.
597 ## - NOTA DE DESCRIPCIÓN FÍSICA
NOTA DE DESCRIPCIÓN FÍSICA Texto a dos col.
597 ## - NOTA DE DESCRIPCIÓN FÍSICA
NOTA DE DESCRIPCIÓN FÍSICA Antep.
852 ## - LOCALIZACIÓN
Ubicación ES-MaACL
Número de control de estantería R-1547-48
Nota libre -- Enc. perg.
condición física -- Falto de la port. y de prelim.
Encuadernación -- Olim: G-2977-8
Holdings
Estatus retirado Estado de pérdida Estado de daño No para préstamo Colección Biblioteca de origen Biblioteca actual Ubicación en estantería Fecha de adquisición Total de préstamos Signatura topográfica completa Código de barras Visto por última vez Precio de reemplazo Tipo de ítem Koha
        Libros del s. XVIII Biblioteca del Ateneo de Madrid Biblioteca del Ateneo de Madrid Depósito 17/01/2008   R-1547-48 1175318 23/02/2023 23/02/2023 Libro impreso antiguo